Nitrogen in the marine environment / (Record no. 27471)
[ view plain ]
| 000 -LEADER | |
|---|---|
| fixed length control field | 02755cam a2200637 a 4500 |
| 001 - CONTROL NUMBER | |
| control field | ocn646993694 |
| 003 - CONTROL NUMBER IDENTIFIER | |
| control field | OCoLC |
| 005 - DATE AND TIME OF LATEST TRANSACTION | |
| control field | 20240801173524.0 |
| 006 - FIXED-LENGTH DATA ELEMENTS--ADDITIONAL MATERIAL CHARACTERISTICS | |
| fixed length control field | m o d |
| 007 - PHYSICAL DESCRIPTION FIXED FIELD--GENERAL INFORMATION | |
| fixed length control field | cr bn||||||abp |
| fixed length control field | cr bn||||||ada |
| 008 - FIXED-LENGTH DATA ELEMENTS--GENERAL INFORMATION | |
| fixed length control field | 100712s1983 nyua ob 001 0 eng d |
| 010 ## - LIBRARY OF CONGRESS CONTROL NUMBER | |
| Canceled/invalid LC control number | 83002829 |
| 020 ## - INTERNATIONAL STANDARD BOOK NUMBER | |
| International Standard Book Number | 9781483288291 |
| Qualifying information | (electronic bk.) |
| International Standard Book Number | 1483288293 |
| Qualifying information | (electronic bk.) |
| Canceled/invalid ISBN | 012160280X |
| Canceled/invalid ISBN | 9780121602802 |
| 035 ## - SYSTEM CONTROL NUMBER | |
| System control number | (OCoLC)646993694 |
| Canceled/invalid control number | (OCoLC)1256527164 |
| 040 ## - CATALOGING SOURCE | |
| Original cataloging agency | OCLCE |
| Language of cataloging | eng |
| Description conventions | pn |
| Transcribing agency | OCLCE |
| Modifying agency | OCLCQ |
| -- | UIU |
| -- | OCLCF |
| -- | E7B |
| -- | N$T |
| -- | YDXCP |
| -- | OCLCQ |
| -- | INARC |
| -- | OCLCO |
| -- | OCLCQ |
| -- | OCLCO |
| 042 ## - AUTHENTICATION CODE | |
| Authentication code | dlr |
| 050 #4 - LIBRARY OF CONGRESS CALL NUMBER | |
| Classification number | QH91.8.N46 |
| Item number | N57 1983 |
| 070 ## - NATIONAL AGRICULTURAL LIBRARY CALL NUMBER | |
| Classification number | QH91.8.N46N57 |
| 072 #7 - SUBJECT CATEGORY CODE | |
| Subject category code | SCI |
| Subject category code subdivision | 008000 |
| Source | bisacsh |
| 082 04 - DEWEY DECIMAL CLASSIFICATION NUMBER | |
| Classification number | 574.5/2636 |
| Edition number | 19 |
| 245 00 - TITLE STATEMENT | |
| Title | Nitrogen in the marine environment / |
| Statement of responsibility, etc. | edited by Edward J. Carpenter, Douglas G. Capone. |
| 260 ## - PUBLICATION, DISTRIBUTION, ETC. | |
| Place of publication, distribution, etc. | New York : |
| Name of publisher, distributor, etc. | Academic Press, |
| Date of publication, distribution, etc. | 1983. |
| 300 ## - PHYSICAL DESCRIPTION | |
| Extent | 1 online resource (xvii, 900 pages) : |
| Other physical details | illustrations |
| 336 ## - CONTENT TYPE | |
| Content type term | text |
| Content type code | txt |
| Source | rdacontent |
| 337 ## - MEDIA TYPE | |
| Media type term | computer |
| Media type code | c |
| Source | rdamedia |
| 338 ## - CARRIER TYPE | |
| Carrier type term | online resource |
| Carrier type code | cr |
| Source | rdacarrier |
| 504 ## - BIBLIOGRAPHY, ETC. NOTE | |
| Bibliography, etc. note | Includes bibliographical references and index. |
| 506 ## - RESTRICTIONS ON ACCESS NOTE | |
| Materials specified | Use copy |
| Standardized terminology for access restriction | Restrictions unspecified |
| Source of term | star |
| Institution to which field applies | MiAaHDL |
| 533 ## - REPRODUCTION NOTE | |
| Type of reproduction | Electronic reproduction. |
| Place of reproduction | [Place of publication not identified] : |
| Agency responsible for reproduction | HathiTrust Digital Library, |
| Date of reproduction | 2010. |
| Institution to which field applies | MiAaHDL |
| 538 ## - SYSTEM DETAILS NOTE | |
| System details note | Master and use copy. Digital master created according to Benchmark for Faithful Digital Reproductions of Monographs and Serials, Version 1. Digital Library Federation, December 2002. |
| Uniform Resource Identifier | <a href="http://purl.oclc.org/DLF/benchrepro0212">http://purl.oclc.org/DLF/benchrepro0212</a> |
| Institution to which field applies | MiAaHDL |
| 583 1# - ACTION NOTE | |
| Action | digitized |
| Time/date of action | 2010 |
| Jurisdiction | HathiTrust Digital Library |
| Status | committed to preserve |
| Source of term | pda |
| Institution to which field applies | MiAaHDL |
| 588 0# - SOURCE OF DESCRIPTION NOTE | |
| Source of description note | Print version record. |
| 650 #0 - SUBJECT ADDED ENTRY--TOPICAL TERM | |
| Topical term or geographic name entry element | Nitrogen cycle. |
| Topical term or geographic name entry element | Marine biology. |
| Topical term or geographic name entry element | Marine Biology |
| Authority record control number or standard number | (DNLM)D008386 |
| Topical term or geographic name entry element | Cycle de l'azote. |
| Authority record control number or standard number | (CaQQLa)201-0080837 |
| Topical term or geographic name entry element | Biologie marine. |
| Authority record control number or standard number | (CaQQLa)201-0003896 |
| Topical term or geographic name entry element | marine biology. |
| Source of heading or term | aat |
| Authority record control number or standard number | (CStmoGRI)aat300264402 |
| Topical term or geographic name entry element | SCIENCE |
| General subdivision | Life Sciences |
| -- | Biology. |
| Source of heading or term | bisacsh |
| Topical term or geographic name entry element | Marine biology |
| Source of heading or term | fast |
| Authority record control number or standard number | (OCoLC)fst01009447 |
| Topical term or geographic name entry element | Nitrogen cycle |
| Source of heading or term | fast |
| Authority record control number or standard number | (OCoLC)fst01038072 |
| Topical term or geographic name entry element | Stickstoffkreislauf |
| Source of heading or term | gnd |
| Authority record control number or standard number | (DE-588)4183276-0 |
| Topical term or geographic name entry element | Meer |
| Source of heading or term | gnd |
| Authority record control number or standard number | (DE-588)4038301-5 |
| Topical term or geographic name entry element | Biologie marine. |
| Source of heading or term | ram |
| Topical term or geographic name entry element | Cycle de l'azote. |
| Source of heading or term | ram |
| 653 ## - INDEX TERM--UNCONTROLLED | |
| Uncontrolled term | Marine ecosystems |
| -- | Effects of nitrogen cycle |
| 700 1# - ADDED ENTRY--PERSONAL NAME | |
| Personal name | Carpenter, Edward J. |
| Personal name | Capone, Douglas G. |
| 776 08 - ADDITIONAL PHYSICAL FORM ENTRY | |
| Relationship information | Print version: |
| Title | Nitrogen in the marine environment. |
| Place, publisher, and date of publication | New York : Academic Press, 1983 |
| Record control number | (DLC) 83002829 |
| -- | (OCoLC)9323849 |
| 856 40 - ELECTRONIC LOCATION AND ACCESS | |
| Materials specified | ScienceDirect |
| Uniform Resource Identifier | <a href="https://www.sciencedirect.com/science/book/9780121602802">https://www.sciencedirect.com/science/book/9780121602802</a> |
| 942 ## - ADDED ENTRY ELEMENTS (KOHA) | |
| Source of classification or shelving scheme | |
| Koha item type | E-Book |
No items available.